000 00681nam a22001937a 4500
005 20251108164028.0
008 250721s1985 xx 000 0 ara d
082 1 4 _a216,5/عز
100 1 _aالتميمي، عز الدين الخطيب
245 1 0 _aفقه الأسرة في الإسلام :
_bالخطبه - الزواج - مقايس إختيار الزوجين واجبات الأزواج - الطلاق /
264 1 _aعمان :
_bوزارة الاوقاف والشؤون والمقدسات،
_c1985.
300 _a108ص
650 1 7 _aالإسلام
650 1 7 _aالفقه
650 1 7 _aالأحوال
650 1 7 _aالزواج
942 _2ddc
_cBK
999 _c1803
_d1803